[Event "ROM-ch U18 Girls"]
[Site "Calimanesti"]
[Date "2014.04.08"]
[Round "3"]
[White "Ciocan, Clara Theodora"]
[Black "Banciu, Bianca Gabriela"]
[Result "0-1"]
[WhiteElo "1529"]
[BlackElo "1633"]
[PlyCount "94"]
[EventDate "2014.04.06"]
[EventType "tourn"]
[EventRounds "9"]
[EventCountry "ROU"]
[SourceTitle "CBM 160 Extra"]
[Source "ChessBase"]
[SourceDate "2014.07.01"]
[SourceVersion "1"]
[SourceVersionDate "2014.07.01"]
[SourceQuality "1"]

1. e4 e6 2. d3 c5 3. Nf3 Nc6 4. g3 g6 5. Bg2 Bg7 6. 0-0 Nge7 7. Re1 0-0 8. c3 e5 9. Be3 b6 10. d4 d6 11. dxe5 dxe5 12. Nbd2 Bb7 13. Qc2 Qc7 14. Rad1 Rad8 15. Kh1 Nb8 16. Ng1 Nd7 17. f4 f5 18. fxe5 Bxe5 19. Nc4 fxe4 20. Bxe4 Bxe4+ 21. Qxe4 Nf6 22. Qg2 Ng4 23. Rxd8 Qxd8 24. Nxe5 Nxe5 25. Bg5 Ng4 26. Bxe7 Qxe7 27. Qd5+ Qf7 28. Qxf7+ Rxf7 29. Nh3 Nf2+ 30. Nxf2 Rxf2 31. Rb1 Kg7 32. Kg1 Re2 33. a3 Rc2 34. a4 Kf6 35. Rf1+ Ke6 36. Rf2 Rxf2 37. Kxf2 Kd5 38. b3 Ke4 39. Ke2 a6 40. h3 b5 41. a5 b4 42. c4 h6 43. g4 g5 44. Kd2 Kd4 45. Kc2 Ke3 46. Kc1 Kd3 47. Kb2 Kd2 0-1

[Event "ROM-ch U16 Girls"]
[Site "Calimanesti"]
[Date "2013.04.06"]
[Round "7"]
[White "Valuet, Bertrand"]
[Black "Banciu, Bianca Gabriela"]
[Result "1/2-1/2"]
[WhiteElo "1607"]
[BlackElo "1599"]
[PlyCount "112"]
[EventDate "2013.04.02"]
[EventType "swiss"]
[EventRounds "9"]
[EventCountry "ROU"]
[SourceTitle "CBM 153 Extra"]
[Source "ChessBase"]
[SourceDate "2013.04.22"]
[SourceVersion "1"]
[SourceVersionDate "2013.04.22"]
[SourceQuality "1"]

1. e4 e6 2. d4 d5 3. Nd2 dxe4 4. Nxe4 Nc6 5. Nf3 Bd7 6. Be2 Be7 7. 0-0 Nf6 8. Ng3 0-0 9. c3 h6 10. Qc2 Nb8 11. Ne5 c5 12. Bf3 Qc8 13. Qb3 Nc6 14. Nxd7 Nxd7 15. d5 exd5 16. Bxd5 Nb6 17. Be4 Qc7 18. Nf5 Bf6 19. Be3 Nd7 20. Rad1 Rad8 21. f4 b6 22. Rf3 Ne7 23. Nd6 a6 24. Bc2 Nc6 25. Bf5 Be7 26. Ne4 Nf6 27. Nxf6+ Bxf6 28. Be4 Na5 29. Qc2 Nc4 30. Bh7+ Kh8 31. Bd3 Nxe3 32. Rxe3 c4 33. Be2 Qxf4 34. Re4 Rxd1+ 35. Bxd1 Qc7 36. Qe2 b5 37. Qf3 Qc6 38. Bc2 Re8 39. Rxe8+ Qxe8 40. Qf1 Qe3+ 41. Kh1 Qd2 42. Qd1 Qxd1+ 43. Bxd1 Bg5 44. Bf3 a5 45. Bc6 Bc1 46. Bxb5 Bxb2 47. Bxc4 f6 48. Kg1 Bxc3 49. Kf2 f5 50. Kf3 g5 51. h3 Kg7 52. a4 h5 53. g4 hxg4+ 54. hxg4 fxg4+ 55. Kxg4 Kf6 56. Bb5 Bd2 1/2-1/2

[Event "ROM-ch U16 Girls"]
[Site "Calimanesti"]
[Date "2013.04.03"]
[Round "3"]
[White "Cosman, Andreea Marioara"]
[Black "Banciu, Bianca Gabriela"]
[Result "1-0"]
[WhiteElo "1939"]
[BlackElo "1599"]
[PlyCount "65"]
[EventDate "2013.04.02"]
[EventType "swiss"]
[EventRounds "9"]
[EventCountry "ROU"]
[SourceTitle "CBM 153 Extra"]
[Source "ChessBase"]
[SourceDate "2013.04.22"]
[SourceVersion "1"]
[SourceVersionDate "2013.04.22"]
[SourceQuality "1"]

1. d4 Nf6 2. c4 g6 3. Nc3 Bg7 4. e4 d6 5. f3 0-0 6. Be3 e5 7. d5 Nbd7 8. Nh3 Ne8 9. Be2 f5 10. Nf2 f4 11. Bd2 Nef6 12. b4 Rf7 13. Rc1 c6 14. c5 cxd5 15. Nxd5 Bf8 16. Bc4 Kg7 17. Nc3 Re7 18. cxd6 Re8 19. Nb5 Nb6 20. Nc7 Nxc4 21. Nxe8+ Nxe8 22. Rxc4 Bxd6 23. 0-0 Be6 24. Rc2 Qh4 25. Bc3 h5 26. Rd2 Bc7 27. Nd3 Qg5 28. Kh1 b6 29. Qa4 Kf6 30. g3 fxg3 31. f4 Qh4 32. fxe5+ Ke7 33. Nf4 1-0

[Event "ROM-ch U16 Girls"]
[Site "Calimanesti"]
[Date "2013.04.02"]
[Round "1"]
[White "Banciu, Bianca Gabriela"]
[Black "Ciungan, Diana Alexandra"]
[Result "0-1"]
[WhiteElo "1599"]
[BlackElo "1739"]
[PlyCount "62"]
[EventDate "2013.04.02"]
[EventType "swiss"]
[EventRounds "9"]
[EventCountry "ROU"]
[SourceTitle "CBM 153 Extra"]
[Source "ChessBase"]
[SourceDate "2013.04.22"]
[SourceVersion "1"]
[SourceVersionDate "2013.04.22"]
[SourceQuality "1"]

1. d4 Nf6 2. c4 e6 3. Nc3 Bb4 4. Qc2 b6 5. e4 Bxc3+ 6. bxc3 d6 7. Bg5 Nbd7 8. Bd3 e5 9. Ne2 Qe7 10. d5 h6 11. Bh4 Nc5 12. 0-0 g5 13. Bg3 h5 14. f3 h4 15. Bf2 Nh5 16. Qd1 Nf4 17. Bc2 Rg8 18. Be3 Nh5 19. h3 Qf6 20. Kh2 Qg6 21. Qb1 Nf6 22. Bxc5 dxc5 23. Ba4+ Ke7 24. Nc1 g4 25. fxg4 Nxg4+ 26. hxg4 Qxg4 27. Qc2 Qg3+ 28. Kh1 h3 29. Rf2 Rh8 30. gxh3 Qxh3+ 31. Rh2 Qf1# 0-1

[Event "ROM-ch (Women)"]
[Site "Baile Olanesti"]
[Date "2013.02.22"]
[Round "7"]
[White "Banciu, Bianca Gabriela"]
[Black "Bogdan, Elizaveta"]
[Result "0-1"]
[WhiteElo "1591"]
[BlackElo "1829"]
[PlyCount "108"]
[EventDate "2013.02.16"]
[EventType "swiss"]
[EventRounds "9"]
[EventCountry "ROU"]
[SourceTitle "CBM 153 Extra"]
[Source "ChessBase"]
[SourceDate "2013.04.22"]
[SourceVersion "1"]
[SourceVersionDate "2013.04.22"]
[SourceQuality "1"]

1. d4 Nf6 2. c4 g6 3. Nc3 Bg7 4. e4 d6 5. Nf3 0-0 6. Be2 Nbd7 7. 0-0 e5 8. d5 Ne8 9. Ne1 f5 10. Nd3 Qh4 11. g3 Qe7 12. exf5 gxf5 13. f4 Ndf6 14. Qc2 Kh8 15. Nd1 Ne4 16. Bf3 N8f6 17. Bg2 Ng4 18. Bxe4 fxe4 19. N3f2 exf4 20. Bxf4 e3 21. Nxg4 Bxg4 22. Nxe3 Rxf4 23. Rxf4 Qxe3+ 24. Kg2 Qe2+ 25. Rf2 Qxc2 26. Rxc2 Bf5 27. Rd2 Re8 28. Rf1 Bh6 29. Rdd1 Be4+ 30. Kh3 Bg6 31. b3 Re2 32. Rde1 Rxe1 33. Rxe1 Bg5 34. Kg2 Kg7 35. h4 Bf6 36. Kh3 c6 37. dxc6 bxc6 38. g4 Be5 39. c5 Kf6 40. Rc1 d5 41. Rf1+ Ke7 42. Kg2 Be4+ 43. Kh3 a5 44. Rc1 Ke6 45. a4 d4 46. b4 axb4 47. a5 Bd3 48. Ra1 Ba6 49. g5 d3 50. Rd1 b3 51. Kg4 Kf7 52. Rb1 d2 53. Kf3 b2 54. Ke3 Bc3 0-1

[Event "ROM-ch (Women)"]
[Site "Baile Olanesti"]
[Date "2013.02.20"]
[Round "5"]
[White "Nastase, Andreea Cristina"]
[Black "Banciu, Bianca Gabriela"]
[Result "1-0"]
[WhiteElo "1651"]
[BlackElo "1591"]
[PlyCount "171"]
[EventDate "2013.02.16"]
[EventType "swiss"]
[EventRounds "9"]
[EventCountry "ROU"]
[SourceTitle "CBM 153 Extra"]
[Source "ChessBase"]
[SourceDate "2013.04.22"]
[SourceVersion "1"]
[SourceVersionDate "2013.04.22"]
[SourceQuality "1"]

1. d4 Nf6 2. c4 e6 3. Nc3 Bb4 4. Qc2 0-0 5. Bg5 d6 6. e3 h6 7. Bh4 Nbd7 8. Bd3 d5 9. cxd5 exd5 10. Nge2 c6 11. 0-0 Re8 12. a3 Be7 13. Bg3 Nh5 14. Nxd5 Bxa3 15. Rxa3 Nxg3 16. Nxg3 cxd5 17. Rfa1 a6 18. Ne2 Nf6 19. Rc3 Ng4 20. h3 Nf6 21. Bb5 Re7 22. Rc1 Be6 23. Ba4 b5 24. Bb3 a5 25. Qd3 a4 26. Bd1 b4 27. Rc6 a3 28. bxa3 bxa3 29. Ra1 Qa5 30. Rc3 Rea7 31. Bc2 Bd7 32. Rb3 a2 33. Nc3 Qc7 34. Rb2 Ra3 35. Raxa2 Be8 36. Rxa3 Rxa3 37. Rb3 Ra1+ 38. Rb1 Ra3 39. Bb3 Qd6 40. Qc2 Ra8 41. Ba4 Bc6 42. Rb6 Bxa4 43. Nxa4 Qd8 44. Rb1 Qa5 45. Nb6 Rb8 46. Qc7 Re8 47. Nxd5 Qxd5 48. Re1 Qd8 49. Qc4 Ne4 50. f3 Nd6 51. Qd3 Re7 52. e4 Qb6 53. Rb1 Qa7 54. Kh1 Rb7 55. Rc1 Rb8 56. f4 Qb7 57. e5 Ne8 58. d5 Rd8 59. d6 Qd7 60. Qe3 Rc8 61. Ra1 Nxd6 62. Qd4 Rd8 63. Rd1 Kf8 64. Qb4 Qe7 65. exd6 Qd7 66. Kh2 Rc8 67. Qe4 f5 68. Qd5 Rd8 69. Rd2 Rc8 70. Re2 Re8 71. Rxe8+ Qxe8 72. Qxf5+ Kg8 73. d7 Qd8 74. Qe6+ Kf8 75. Kg3 Qb8 76. Kg4 Qd8 77. Kh5 Qa8 78. Qe8+ Qxe8+ 79. dxe8Q+ Kxe8 80. Kg6 Kf8 81. g4 Kg8 82. h4 Kf8 83. f5 Kg8 84. h5 Kh8 85. Kf7 Kh7 86. f6 1-0

[Event "ROM-ch (Women)"]
[Site "Baile Olanesti"]
[Date "2013.02.18"]
[Round "3"]
[White "Toma, Elena Adelaida"]
[Black "Banciu, Bianca Gabriela"]
[Result "1/2-1/2"]
[WhiteElo "1722"]
[BlackElo "1591"]
[PlyCount "36"]
[EventDate "2013.02.16"]
[EventType "swiss"]
[EventRounds "9"]
[EventCountry "ROU"]
[SourceTitle "CBM 153 Extra"]
[Source "ChessBase"]
[SourceDate "2013.04.22"]
[SourceVersion "1"]
[SourceVersionDate "2013.04.22"]
[SourceQuality "1"]

1. d4 Nf6 2. c4 g6 3. Nc3 Bg7 4. Nf3 d6 5. g3 0-0 6. Bg2 Nc6 7. 0-0 e5 8. d5 Ne7 9. e4 Ne8 10. Ne1 f5 11. Nd3 Nf6 12. Bd2 c6 13. Qb3 fxe4 14. Nxe4 Nxe4 15. Bxe4 cxd5 16. cxd5 Bf5 17. f3 Qd7 18. Nf2 h6 1/2-1/2

[Event "ROM-ch (Women)"]
[Site "Baile Olanesti"]
[Date "2013.02.16"]
[Round "2"]
[White "Banciu, Bianca Gabriela"]
[Black "Dobre, Ana Margareta Alexa"]
[Result "0-1"]
[WhiteElo "1591"]
[BlackElo "1851"]
[PlyCount "100"]
[EventDate "2013.02.16"]
[EventType "swiss"]
[EventRounds "9"]
[EventCountry "ROU"]
[SourceTitle "CBM 153 Extra"]
[Source "ChessBase"]
[SourceDate "2013.04.22"]
[SourceVersion "1"]
[SourceVersionDate "2013.04.22"]
[SourceQuality "1"]

1. d4 d5 2. c4 c6 3. Nf3 Nf6 4. Nc3 dxc4 5. a4 Bf5 6. e3 e6 7. Bxc4 Bb4 8. Bd2 h6 9. 0-0 Qe7 10. Re1 Bxc3 11. Bxc3 Nbd7 12. h3 Ne4 13. Nd2 0-0-0 14. Nxe4 Bxe4 15. Bd3 Nf6 16. Qc2 Bxd3 17. Qxd3 Rhg8 18. b4 Kb8 19. Qc4 g5 20. b5 Rc8 21. Bb4 Qd7 22. bxc6 Rxc6 23. Qb5 g4 24. Qe5+ Qc7 25. Qxf6 gxh3 26. g3 Rxg3+ 27. Kf1 h2 28. Ke2 Rc2+ 29. Bd2 Qc4+ 30. Kd1 Rg2 31. Qd8+ Qc8 32. Qxc8+ Rxc8 33. Ke2 Rcg8 34. Bb4 Kc7 35. Rh1 Rg1 36. Rxh2 Rxa1 37. a5 Rg6 38. Rh5 Ra2+ 39. Kf1 Rg5 40. Rxh6 Rb5 41. Bc5 Raxa5 42. Bf8 Rh5 43. Rf6 Raf5 44. Rxf5 Rxf5 45. Bb4 Rb5 46. Bd2 a5 47. Ke2 Rb2 48. Kd1 a4 49. Kc1 a3 50. Be1 Re2 0-1

[Event "ROM-ch U12 Girls"]
[Site "Voineasa"]
[Date "2008.04.12"]
[Round "6"]
[White "Borsos, Stefania Andreea"]
[Black "Banciu, Bianca Gabriela"]
[Result "0-1"]
[WhiteElo "401"]
[BlackElo "480"]
[PlyCount "54"]
[EventDate "2008.04.08"]
[EventType "swiss"]
[EventRounds "9"]
[EventCountry "ROU"]
[SourceTitle "EXT 2013"]
[Source "ChessBase"]
[SourceDate "2012.11.22"]
[SourceVersion "1"]
[SourceVersionDate "2012.11.22"]
[SourceQuality "1"]

1. e4 c5 2. Nf3 Nc6 3. d4 cxd4 4. Nxd4 d6 5. Nc3 g6 6. Be3 Bg7 7. Qd2 Nf6 8. 0-0-0 0-0 9. Bh6 Bd7 10. Bd3 Nxd4 11. Bxg7 Kxg7 12. Bc4 Nc6 13. Nd5 Nxe4 14. Qe3 Nc5 15. Qc3+ Kg8 16. f4 Rc8 17. b3 a6 18. Rhe1 Bg4 19. Rxe7 Nxe7 20. Nf6+ Kg7 21. Nxg4+ f6 22. Ne5 Qc7 23. Nf7 Rxf7 24. Bxf7 Kxf7 25. Qc4+ Kg7 26. g4 d5 27. Qd4 Nxb3+ 0-1